Music Quiz

Random Music or Artist Quiz

Top 100 Bands (1988) Quiz Stats

Quiz Updated Apr 27, 2015

Challenge
Share
Tweet
Embed
Score 0/100 Timer 10:00
0 Plays Today
Song Artist % Correct
FaithGeorge Michael
95.5%
One More TryGeorge Michael
95.5%
Father FigureGeorge Michael
95.5%
MonkeyGeorge Michael
95.5%
Kissing a FoolGeorge Michael
95.5%
Man in the MirrorMichael Jackson
95.3%
The Way You Make Me FeelMichael Jackson
95.3%
Dirty DianaMichael Jackson
95.3%
Sweet Child O' MineGuns N' Roses
94.3%
I Don't Wanna Go on With You Like ThatElton John
90.1%
Candle In The WindElton John
90.1%
KokomoThe Beach Boys
83.6%
Never Gonna Give You UpRick Astley
83.3%
Together ForeverRick Astley
83.3%
So EmotionalWhitney Houston
82.6%
Where Do Broken Hearts Go?Whitney Houston
82.6%
One Moment in TimeWhitney Houston
82.6%
Red Red WineUB40
81.7%
Pour Some Sugar on MeDef Leppard
81.2%
Love BitesDef Leppard
81.2%
Need You TonightINXS
80.1%
Devil InsideINXS
80%
New SensationINXS
80%
Never Tear Us ApartINXS
80%
Heaven is a Place on EarthBelinda Carlisle
74.8%
I Get WeakBelinda Carlisle
74.8%
Bad MedicineBon Jovi
74.6%
Got My Mind Set on YouGeorge Harrison
72.1%
Get Outta My Dreams, Get Into My CarBilly Ocean
70.7%
Hazy Shade of WinterThe Bangles
70.2%
Fast CarTracy Chapman
70.1%
Simply IrresistibleRobert Palmer
68.1%
A Groovy Kind of LovePhil Collins
67.9%
Don't Worry Be HappyBobby McFerrin
65.3%
Song Artist % Correct
DesireU2
60.7%
She's Like The WindPatrick Swayze
60.7%
Wishing WellTerence Trent D'Arby
56.5%
Sign Your NameTerence Trent D'Arby
56.5%
Roll With ItSteve Winwood
55.7%
Don't You Know What the Night Can DoSteve Winwood
55.7%
ValerieSteve Winwood
55.7%
Is This LoveWhitesnake
54%
Nothin' But a Good TimePoison
53.9%
Shake Your LoveDebbie Gibson
52.6%
Foolish BeatDebbie Gibson
52.6%
Out of the BlueDebbie Gibson
52.6%
I Hate Myself for Loving YouJoan Jett & The Blackhearts
52.1%
The Loco-MotionKylie Minogue
50.9%
What Have I Done To Deserve This?Pet Shop Boys & Dusty Springfield
49.1%
The FlameCheap Trick
49.1%
Don't Be CruelCheap Trick
49.1%
Always on My MindPet Shop Boys
47.2%
Hold On To The NightsRichard Marx
47.1%
Endless Summer NightsRichard Marx
47.1%
Should've Known BetterRichard Marx
47.1%
Could've BeenTiffany
46.3%
AngelAerosmith
44.5%
I'll Always Love YouTaylor Dayne
44%
Tell It To My HeartTaylor Dayne
44%
Prove Your LoveTaylor Dayne
44%
Hungry EyesEric Carmen
40.2%
Make Me Lose ControlEric Carmen
40.2%
Anything For YouGloria Estefan & Miami Sound Machine
38.6%
1, 2, 3Gloria Estefan & Miami Sound Machine
38.6%
Can't Stay Away From YouGloria Estefan & Miami Sound Machine
38.6%
Cherry BombJohn Cougar Mellencamp
37.6%
When It's LoveVan Halen
36%
Don't Be CruelBobby Brown
35.6%
Song Artist % Correct
Naughty Girls (Need Love Too)Samantha Fox
33.2%
I Found SomeoneCher
32.3%
Say You WillForeigner
31.9%
I Don't Want to Live Without YouForeigner
31.9%
I Don't Wanna Live Without Your LoveChicago
26.9%
Shattered DreamsJohnny Hates Jazz
26.4%
GirlfriendPebbles
26%
Wild Wild WestEscape Club
26%
Mercedes BoyPebbles
26%
Pink CadillacNatalie Cole
25.5%
We'll Be TogetherSting
25.5%
Perfect WorldHuey Lewis & The News
23.8%
Just Like ParadiseDavid Lee Roth
23.4%
Seasons ChangeExposé
23.2%
The Valley RoadBruce Hornsby & The Range
23.2%
WaitWhite Lion
22.8%
Everything Your Heart DesiresDaryl Hall & John Oates
21.1%
Hands to HeavenBreathe
20.1%
Make It RealThe Jets
19.2%
Rocket 2 UThe Jets
19.2%
One Good WomanPeter Cetera
16.8%
If It Isn't LoveNew Edition
16%
Don't You Want MeJody Watley
14.9%
What's On Your MindInformation Society
13.7%
Electric BlueIcehouse
13.7%
I Want To Be Your ManRoger
12.8%
Nite And DayAl B. Sure!
12.3%
I Still BelieveBrenda K. Starr
11.9%
Catch Me (I'm Falling)Pretty Poison
11.3%
Piano In The DarkBrenda Russell feat. Joe Esposito
11%
Don't Shed a TearPaul Carrack
10.2%
I Want HerKeith Sweat
9.3%

You're not logged in!

Compare scores with friends on all Sporcle quizzes.
Sign Up with Email
OR
Log In

You Might Also Like...

Show Comments

Extras

Top Quizzes Today


Score Distribution

Your Account Isn't Verified!

In order to create a playlist on Sporcle, you need to verify the email address you used during registration. Go to your Sporcle Settings to finish the process.